[Event "Ïåðâåíñòâî Ìîñêâû ïî øàõìàòàì 2015 ñðåäè ìàëü÷èêîâ (Ì17)"]
[Site "Moscow"]
[Date "2015.11.14"]
[Round "3.1"]
[White "Ãåðìàí, Íèêèòà"]
[Black "Ñìèðíîâ, Òèìîôåé"]
[Result "0-1"]
[WhiteElo "2061"]
[BlackElo "2298"]
[PlyCount "0"]
[EventDate "2015.11.12"]


1. e4 {[%clk 1:30:57]} e5 {[%clk 1:30:55]} 2. Nf3 {[%clk 1:31:23]} Nc6
{[%clk 1:31:20]} 3. d4 {[%clk 1:31:46]} exd4 {[%clk 1:31:43]} 4. Nxd4
{[%clk 1:32:12]} Nf6 {[%clk 1:32:08]} 5. Nxc6 {[%clk 1:32:29]} bxc6
{[%clk 1:32:29]} 6. e5 {[%clk 1:32:42]} Qe7 {[%clk 1:32:53]} 7. Qe2
{[%clk 1:33:05]} Nd5 {[%clk 1:33:16]} 8. c4 {[%clk 1:32:51]} Ba6 {[%clk 1:33:39]}
9. Qe4 {[%clk 1:29:20]} Nb6 {[%clk 1:25:20]} 10. Nd2 {[%clk 1:28:58]} g6
{[%clk 1:10:13]} 11. b3 {[%clk 1:08:06]} Bg7 {[%clk 1:09:46]} 12. Bb2
{[%clk 1:08:20]} O-O {[%clk 0:59:17]} 13. Be2 {[%clk 0:54:06]} Rfe8
{[%clk 0:54:49]} 14. f4 {[%clk 0:46:47]} f6 {[%clk 0:49:00]} 15. Nf3
{[%clk 0:29:05]} Qb4+ {[%clk 0:38:22]} 16. Kf2 {[%clk 0:29:23]} d5
{[%clk 0:37:23]} 17. Qe3 {[%clk 0:17:55]} dxc4 {[%clk 0:35:25]} 18. a3
{[%clk 0:18:14]} Qf8 {[%clk 0:31:06]} 19. Rhf1 {[%clk 0:06:53]} Nd5
{[%clk 0:28:15]} 20. Qd4 {[%clk 0:07:02]} fxe5 {[%clk 0:28:22]} 21. fxe5
{[%clk 0:07:10]} Bxe5 {[%clk 0:28:20]} 22. Qxe5 {[%clk 0:05:32]} Rxe5
{[%clk 0:28:44]} 23. Bxe5 {[%clk 0:06:00]} Re8 {[%clk 0:20:42]} 24. Kg1
{[%clk 0:05:31]} Ne3 {[%clk 0:20:46]} 25. Rfc1 {[%clk 0:05:02]} Rxe5
{[%clk 0:18:25]} 26. Nxe5 {[%clk 0:05:21]} Qc5 {[%clk 0:18:47]} 27. Nd3
{[%clk 0:05:25]} Qd4 {[%clk 0:13:39]} 28. Nf2 {[%clk 0:05:42]} cxb3
{[%clk 0:13:24]} 29. Bxa6 {[%clk 0:03:15]} b2 {[%clk 0:13:48]} 30. Rab1
{[%clk 0:03:42]} bxc1=Q+ {[%clk 0:13:37]} 31. Rxc1 {[%clk 0:04:08]} Ng4
{[%clk 0:11:46]} 32. Rf1 {[%clk 0:04:25]} Nxf2 {[%clk 0:11:39]} 33. Rxf2
{[%clk 0:04:50]} Qa1+ {[%clk 0:12:04]} 34. Rf1 {[%clk 0:05:16]} Qxa3
{[%clk 0:12:27]} 35. Bc4+ {[%clk 0:05:43]} Kg7 {[%clk 0:12:41]} 36. Rf7+
{[%clk 0:05:51]} Kh6 {[%clk 0:13:10]} 37. Be2 {[%clk 0:05:56]} Qe3+
{[%clk 0:13:18]} 38. Kf1 {[%clk 0:06:21]} a5 {[%clk 0:13:33]} 39. h4
{[%clk 0:06:45]} a4 {[%clk 0:12:45]} 40. g4 {[%clk 0:06:51]} Qh3+
{[%clk 0:13:10]} 0-1

[Event "Ïåðâåíñòâî Ìîñêâû ïî øàõìàòàì 2015 ñðåäè ìàëü÷èêîâ (Ì17)"]
[Site "Moscow"]
[Date "2015.11.14"]
[Round "3.2"]
[White "Ãàëàêòèîíîâ, Àðòåì"]
[Black "Øîøèí, Áîðèñ"]
[Result "1-0"]
[WhiteElo "2206"]
[BlackElo "1981"]
[PlyCount "0"]
[EventDate "2015.11.12"]

1. d4 {[%clk 1:30:58]} d5 {[%clk 1:30:53]} 2. Nf3 {[%clk 1:31:25]} e6
{[%clk 1:31:19]} 3. c4 {[%clk 1:31:53]} Nf6 {[%clk 1:31:46]} 4. Nc3
{[%clk 1:32:20]} Be7 {[%clk 1:32:10]} 5. Bf4 {[%clk 1:32:46]} c6 {[%clk 1:32:29]}
6. e3 {[%clk 1:32:06]} Nbd7 {[%clk 1:32:04]} 7. c5 {[%clk 1:32:27]} Nh5
{[%clk 1:23:37]} 8. Bd3 {[%clk 1:32:27]} Nxf4 {[%clk 1:22:30]} 9. exf4
{[%clk 1:32:53]} b6 {[%clk 1:19:35]} 10. b4 {[%clk 1:33:19]} a5 {[%clk 1:20:00]}
11. a3 {[%clk 1:33:46]} Ba6 {[%clk 1:18:55]} 12. Bxa6 {[%clk 1:34:11]} Rxa6
{[%clk 1:19:25]} 13. b5 {[%clk 1:27:04]} cxb5 {[%clk 1:02:06]} 14. c6
{[%clk 1:25:07]} Nb8 {[%clk 1:01:53]} 15. Nxb5 {[%clk 1:15:10]} Bd6
{[%clk 0:43:51]} 16. Rc1 {[%clk 1:04:23]} Bc7 {[%clk 0:42:43]} 17. O-O
{[%clk 1:04:09]} O-O {[%clk 0:42:02]} 18. g3 {[%clk 1:03:11]} a4 {[%clk 0:33:48]}
19. Qd3 {[%clk 0:58:56]} Ra5 {[%clk 0:32:50]} 20. Rc2 {[%clk 0:58:16]} Na6
{[%clk 0:31:36]} 21. Rfc1 {[%clk 0:56:22]} Qe7 {[%clk 0:31:35]} 22. Ne5
{[%clk 0:49:10]} Bxe5 {[%clk 0:27:33]} 23. fxe5 {[%clk 0:48:12]} Nc7
{[%clk 0:27:56]} 24. Nd6 {[%clk 0:48:39]} Qg5 {[%clk 0:19:21]} 25. Rb1
{[%clk 0:47:37]} Ra6 {[%clk 0:18:47]} 26. Nb5 {[%clk 0:44:57]} Nxb5
{[%clk 0:18:46]} 27. Qxb5 {[%clk 0:45:22]} Qf5 {[%clk 0:16:48]} 28. Rbc1
{[%clk 0:44:46]} Raa8 {[%clk 0:16:12]} 29. c7 {[%clk 0:45:11]} Rfc8
{[%clk 0:15:16]} 30. Qxb6 {[%clk 0:45:31]} Qd3 {[%clk 0:12:58]} 31. Rc3
{[%clk 0:44:42]} Qd2 {[%clk 0:12:39]} 32. Kg2 {[%clk 0:41:40]} Qe2
{[%clk 0:12:08]} 33. Qc6 {[%clk 0:41:17]} h5 {[%clk 0:12:20]} 34. Qd7
{[%clk 0:41:33]} Qe4+ {[%clk 0:12:01]} 35. Rf3 {[%clk 0:41:52]} Kh8
{[%clk 0:06:37]} 36. Rcc3 {[%clk 0:39:30]} g5 {[%clk 0:06:14]} 37. Rce3
{[%clk 0:39:04]} g4 {[%clk 0:06:34]} 38. Rxe4 {[%clk 0:39:33]} gxf3+
{[%clk 0:06:59]} 39. Kxf3 {[%clk 0:39:59]} dxe4+ {[%clk 0:07:20]} 40. Kxe4
{[%clk 0:40:27]} Kg7 {[%clk 0:06:09]} 41. f4 {[%clk 0:40:45]} Kg6
{[%clk 0:04:19]} 42. Qe7 {[%clk 0:40:55]} Kg7 {[%clk 0:04:37]} 43. Qd7
{[%clk 0:40:58]} Kg6 {[%clk 0:05:03]} 44. f5+ {[%clk 0:41:24]} exf5+
{[%clk 0:05:04]} 45. Qxf5+ {[%clk 0:41:53]} Kg7 {[%clk 0:04:57]} 46. Qd7
{[%clk 0:42:21]} h4 {[%clk 0:04:01]} 47. gxh4 {[%clk 0:42:42]} Rh8
{[%clk 0:04:23]} 48. h5 {[%clk 0:43:10]} Kh6 {[%clk 0:04:18]} 49. d5
{[%clk 0:43:30]} Kxh5 {[%clk 0:04:09]} 50. Qxf7+ {[%clk 0:43:55]} Kh4
{[%clk 0:02:10]} 51. d6 {[%clk 0:44:14]} Kh3 {[%clk 0:02:17]} 52. d7
{[%clk 0:44:40]} Rh4+ {[%clk 0:02:39]} 53. Ke3 {[%clk 0:45:07]} Ra5
{[%clk 0:02:27]} 54. Qf5+ {[%clk 0:45:27]} Kxh2 {[%clk 0:02:40]} 55. d8=Q
{[%clk 0:45:51]} Rh3+ {[%clk 0:03:01]} 56. Kf2 {[%clk 0:46:15]} Rd5
{[%clk 0:02:55]} 57. Qf4+ {[%clk 0:46:36]} Rg3 {[%clk 0:02:58]} 58. Qdh4#
{[%clk 0:47:01]} 1-0

[Event "Ïåðâåíñòâî Ìîñêâû ïî øàõìàòàì 2015 ñðåäè ìàëü÷èêîâ (Ì17)"]
[Site "Moscow"]
[Date "2015.11.14"]
[Round "3.3"]
[White "Ñû÷åâ, Äàíèèë"]
[Black "Íàâðîäñêèé, Áîðèñ"]
[Result "0-1"]
[WhiteElo "1955"]
[BlackElo "2173"]
[PlyCount "0"]
[EventDate "2015.11.12"]

1. e4 {[%clk 1:26:32]} c6 {[%clk 1:30:56]} 2. d4 {[%clk 1:26:58]} d5
{[%clk 1:31:20]} 3. Nc3 {[%clk 1:27:10]} dxe4 {[%clk 1:31:42]} 4. Nxe4
{[%clk 1:27:30]} Nd7 {[%clk 1:32:07]} 5. Nf3 {[%clk 1:27:28]} e6 {[%clk 1:32:27]}
6. Bd3 {[%clk 1:27:13]} Ngf6 {[%clk 1:32:52]} 7. Nxf6+ {[%clk 1:26:57]} Nxf6
{[%clk 1:33:13]} 8. Bg5 {[%clk 1:26:37]} Be7 {[%clk 1:33:35]} 9. O-O
{[%clk 1:26:37]} O-O {[%clk 1:33:23]} 10. c3 {[%clk 1:25:35]} b6 {[%clk 1:30:13]}
11. Re1 {[%clk 1:14:07]} Bb7 {[%clk 1:27:46]} 12. Qc2 {[%clk 1:03:44]} h6
{[%clk 1:20:49]} 13. Bxf6 {[%clk 1:00:32]} Bxf6 {[%clk 1:21:11]} 14. Be4
{[%clk 0:59:19]} Qc7 {[%clk 1:20:28]} 15. Rad1 {[%clk 0:58:29]} Rfd8
{[%clk 1:19:08]} 16. Ne5 {[%clk 0:37:56]} c5 {[%clk 1:15:18]} 17. Bxb7
{[%clk 0:36:52]} Qxb7 {[%clk 1:15:40]} 18. dxc5 {[%clk 0:30:44]} Rxd1
{[%clk 1:05:15]} 19. Qxd1 {[%clk 0:31:06]} bxc5 {[%clk 1:05:19]} 20. Qd7
{[%clk 0:26:08]} Qxd7 {[%clk 1:01:36]} 21. Nxd7 {[%clk 0:27:00]} Be7
{[%clk 1:02:02]} 22. Ne5 {[%clk 0:26:49]} Bf6 {[%clk 0:58:50]} 23. Nc4
{[%clk 0:24:38]} Rd8 {[%clk 0:56:08]} 24. Kf1 {[%clk 0:24:43]} Kf8
{[%clk 0:56:00]} 25. Ke2 {[%clk 0:24:58]} Ke7 {[%clk 0:56:09]} 26. Rd1
{[%clk 0:23:36]} Rb8 {[%clk 0:56:15]} 27. Kd2 {[%clk 0:22:52]} Bg5+
{[%clk 0:56:32]} 28. Kc2 {[%clk 0:22:56]} Bf4 {[%clk 0:56:54]} 29. a3
{[%clk 0:21:30]} Bc7 {[%clk 0:56:40]} 30. b4 {[%clk 0:20:57]} cxb4
{[%clk 0:55:54]} 31. axb4 {[%clk 0:19:55]} Rb5 {[%clk 0:33:39]} 32. Ra1
{[%clk 0:18:09]} Bb8 {[%clk 0:28:28]} 33. Ra5 {[%clk 0:17:34]} Rxa5
{[%clk 0:15:48]} 34. Nxa5 {[%clk 0:17:56]} Bxh2 {[%clk 0:14:50]} 35. Nc6+
{[%clk 0:16:37]} Kd7 {[%clk 0:15:16]} 36. Nxa7 {[%clk 0:16:52]} Bg1
{[%clk 0:15:40]} 37. c4 {[%clk 0:15:55]} Bxf2 {[%clk 0:16:07]} 38. c5
{[%clk 0:16:06]} h5 {[%clk 0:10:19]} 39. Nb5 {[%clk 0:15:27]} g5 {[%clk 0:09:49]}
40. Nc3 {[%clk 0:13:51]} f5 {[%clk 0:09:16]} 41. Kd3 {[%clk 0:13:12]} h4
{[%clk 0:08:00]} 42. Na4 {[%clk 0:11:00]} g4 {[%clk 0:08:00]} 43. Ke2
{[%clk 0:11:01]} Bd4 {[%clk 0:07:48]} 44. b5 {[%clk 0:11:07]} f4 {[%clk 0:07:25]}
45. Nb6+ {[%clk 0:09:20]} Kc7 {[%clk 0:07:42]} 46. Nc4 {[%clk 0:09:32]} Bxc5
{[%clk 0:07:32]} 47. Ne5 {[%clk 0:09:45]} f3+ {[%clk 0:05:24]} 48. gxf3
{[%clk 0:07:46]} g3 {[%clk 0:05:47]} 49. f4 {[%clk 0:05:40]} g2 {[%clk 0:06:02]}
50. Nf3 {[%clk 0:06:05]} h3 {[%clk 0:06:12]} 0-1

[Event "Ïåðâåíñòâî Ìîñêâû ïî øàõìàòàì 2015 ñðåäè ìàëü÷èêîâ (Ì17)"]
[Site "Moscow"]
[Date "2015.11.14"]
[Round "3.4"]
[White "Áóðõàíîâ, Âàñèëèé"]
[Black "×èëèíãàðÿí, Ïàâåë"]
[Result "0-1"]
[WhiteElo "1868"]
[BlackElo "2096"]
[PlyCount "0"]
[EventDate "2015.11.12"]

1. e4 {[%clk 1:30:34]} c5 {[%clk 1:30:56]} 2. Nc3 {[%clk 1:31:01]} d6
{[%clk 1:31:20]} 3. g3 {[%clk 1:31:27]} Nc6 {[%clk 1:31:44]} 4. Bg2
{[%clk 1:31:52]} g6 {[%clk 1:32:06]} 5. d3 {[%clk 1:32:18]} Bg7 {[%clk 1:32:28]}
6. Be3 {[%clk 1:32:43]} Rb8 {[%clk 1:32:51]} 7. Qd2 {[%clk 1:32:56]} b5
{[%clk 1:33:15]} 8. f4 {[%clk 1:32:12]} b4 {[%clk 1:32:18]} 9. Nd1
{[%clk 1:32:36]} Bd7 {[%clk 1:30:05]} 10. c3 {[%clk 1:28:31]} bxc3
{[%clk 1:29:19]} 11. bxc3 {[%clk 1:28:39]} Nf6 {[%clk 1:24:50]} 12. h3
{[%clk 1:28:15]} O-O {[%clk 1:24:42]} 13. Nf3 {[%clk 1:28:32]} c4
{[%clk 1:22:04]} 14. O-O {[%clk 0:57:57]} cxd3 {[%clk 1:21:45]} 15. Qxd3
{[%clk 0:58:07]} Qc8 {[%clk 1:17:42]} 16. Nd4 {[%clk 0:47:28]} Nxd4
{[%clk 1:14:58]} 17. Bxd4 {[%clk 0:45:39]} Bb5 {[%clk 1:14:36]} 18. Qe3
{[%clk 0:43:16]} Bxf1 {[%clk 1:14:17]} 19. Bxf1 {[%clk 0:43:35]} a5
{[%clk 1:12:29]} 20. Nf2 {[%clk 0:34:25]} Nd7 {[%clk 1:10:52]} 21. e5
{[%clk 0:31:46]} dxe5 {[%clk 1:09:00]} 22. fxe5 {[%clk 0:31:51]} f6
{[%clk 1:05:23]} 23. Ba7 {[%clk 0:21:13]} Ra8 {[%clk 0:57:05]} 24. Bg2
{[%clk 0:21:25]} Rxa7 {[%clk 0:54:44]} 25. Qxa7 {[%clk 0:21:51]} Qxc3
{[%clk 0:54:59]} 26. Rd1 {[%clk 0:19:36]} Nxe5 {[%clk 0:54:02]} 27. Qxe7
{[%clk 0:11:46]} Qxg3 {[%clk 0:45:03]} 28. Kf1 {[%clk 0:06:02]} Nf7
{[%clk 0:42:31]} 29. Rd5 {[%clk 0:03:58]} Qc3 {[%clk 0:41:40]} 30. Qa7
{[%clk 0:02:55]} Re8 {[%clk 0:40:24]} 31. Nd3 {[%clk 0:02:58]} Qa1+
{[%clk 0:39:18]} 32. Kf2 {[%clk 0:03:17]} Qxa2+ {[%clk 0:39:35]} 33. Kg1
{[%clk 0:03:33]} Bh6 {[%clk 0:32:48]} 34. Kh1 {[%clk 0:03:06]} Qa1+
{[%clk 0:29:47]} 35. Kh2 {[%clk 0:03:29]} Be3 {[%clk 0:29:26]} 36. Qxa5
{[%clk 0:03:03]} Qg1+ {[%clk 0:29:28]} 37. Kg3 {[%clk 0:03:28]} Bf2+
{[%clk 0:28:51]} 38. Kf3 {[%clk 0:01:39]} Re3+ {[%clk 0:28:50]} 39. Kf4
{[%clk 0:02:03]} Qxg2 {[%clk 0:28:44]} 0-1

[Event "Ïåðâåíñòâî Ìîñêâû ïî øàõìàòàì 2015 ñðåäè ìàëü÷èêîâ (Ì17)"]
[Site "Moscow"]
[Date "2015.11.14"]
[Round "3.5"]
[White "Ëåâåíøòåéí, Ìàðê"]
[Black "Êóçüìèí, Èâàí"]
[Result "1-0"]
[WhiteElo "2110"]
[BlackElo "1774"]
[PlyCount "0"]
[EventDate "2015.11.12"]

1. b3 {[%clk 1:30:58]} c5 {[%clk 1:31:00]} 2. Bb2 {[%clk 1:31:24]} Nc6
{[%clk 1:31:21]} 3. Nf3 {[%clk 1:31:46]} Nf6 {[%clk 1:31:41]} 4. g3
{[%clk 1:32:05]} d6 {[%clk 1:32:05]} 5. Bg2 {[%clk 1:32:32]} e5 {[%clk 1:32:26]}
6. d3 {[%clk 1:32:52]} g6 {[%clk 1:32:47]} 7. O-O {[%clk 1:33:18]} Bg7
{[%clk 1:33:10]} 8. c4 {[%clk 1:33:13]} O-O {[%clk 1:33:28]} 9. Nc3
{[%clk 1:33:38]} h6 {[%clk 1:33:07]} 10. Ne1 {[%clk 1:33:42]} Be6
{[%clk 1:33:14]} 11. Nc2 {[%clk 1:33:58]} d5 {[%clk 1:30:06]} 12. Ba3
{[%clk 1:28:02]} b6 {[%clk 1:25:37]} 13. b4 {[%clk 1:10:54]} cxb4
{[%clk 1:23:40]} 14. Nxb4 {[%clk 1:11:17]} Nxb4 {[%clk 1:23:46]} 15. Bxb4
{[%clk 1:11:44]} Re8 {[%clk 1:23:47]} 16. Rc1 {[%clk 1:06:54]} a6
{[%clk 1:18:35]} 17. Qa4 {[%clk 1:02:11]} Ra7 {[%clk 1:15:26]} 18. cxd5
{[%clk 1:00:51]} Bd7 {[%clk 1:01:54]} 19. Qb3 {[%clk 1:00:04]} h5
{[%clk 1:01:18]} 20. Rb1 {[%clk 0:56:49]} h4 {[%clk 0:56:03]} 21. Ba3
{[%clk 0:54:49]} Rb7 {[%clk 0:54:01]} 22. Na4 {[%clk 0:53:10]} Bb5
{[%clk 0:52:26]} 23. Nc3 {[%clk 0:50:48]} Bd7 {[%clk 0:51:52]} 24. Bc5
{[%clk 0:50:25]} Qc8 {[%clk 0:47:18]} 25. Be3 {[%clk 0:36:55]} Bh3
{[%clk 0:39:07]} 26. Na4 {[%clk 0:31:23]} Qg4 {[%clk 0:36:40]} 27. f3
{[%clk 0:28:20]} Qd7 {[%clk 0:35:57]} 28. Nc5 {[%clk 0:27:10]} Qxd5
{[%clk 0:35:01]} 29. Bxh3 {[%clk 0:26:48]} bxc5 {[%clk 0:35:18]} 30. Qxb7
{[%clk 0:27:07]} Qxa2 {[%clk 0:35:42]} 31. Rb2 {[%clk 0:27:07]} Qd5
{[%clk 0:35:28]} 32. Qxd5 {[%clk 0:27:30]} Nxd5 {[%clk 0:35:54]} 33. Bxc5
{[%clk 0:27:36]} e4 {[%clk 0:36:18]} 34. fxe4 {[%clk 0:26:32]} Bxb2
{[%clk 0:36:33]} 35. exd5 {[%clk 0:26:59]} Rxe2 {[%clk 0:36:49]} 36. d6
{[%clk 0:27:19]} Rd2 {[%clk 0:36:11]} 37. d7 {[%clk 0:26:01]} Rxd3
{[%clk 0:36:34]} 38. Bb6 {[%clk 0:26:14]} Bd4+ {[%clk 0:36:58]} 39. Bxd4
{[%clk 0:26:39]} Rxd4 {[%clk 0:37:25]} 40. Re1 {[%clk 0:27:06]} 1-0

[Event "Ïåðâåíñòâî Ìîñêâû ïî øàõìàòàì 2015 ñðåäè ìàëü÷èêîâ (Ì17)"]
[Site "Moscow"]
[Date "2015.11.14"]
[Round "3.6"]
[White "Êàðàñåíè, Èâàí"]
[Black "Õìåëåâ, Ìèõàèë"]
[Result "1-0"]
[WhiteElo "1916"]
[BlackElo "2026"]
[PlyCount "0"]
[EventDate "2015.11.12"]

1. e4 {[%clk 1:30:58]} c5 {[%clk 1:20:09]} 2. Nf3 {[%clk 1:31:11]} Nc6
{[%clk 1:19:21]} 3. d4 {[%clk 1:31:36]} cxd4 {[%clk 1:19:46]} 4. Nxd4
{[%clk 1:32:03]} e5 {[%clk 1:20:08]} 5. Nb5 {[%clk 1:27:32]} d6 {[%clk 1:19:59]}
6. Be2 {[%clk 1:12:54]} a6 {[%clk 1:13:37]} 7. N5c3 Be6 {[%clk 1:04:01]} 8. Be3
{[%clk 1:06:09]} Nf6 {[%clk 1:02:10]} 9. O-O {[%clk 1:02:45]} Qa5
{[%clk 0:55:58]} 10. Nd2 {[%clk 0:47:15]} Be7 {[%clk 0:43:09]} 11. Nc4
{[%clk 0:42:08]} Bxc4 {[%clk 0:43:32]} 12. Bxc4 {[%clk 0:42:36]} O-O
{[%clk 0:39:34]} 13. Nd5 {[%clk 0:36:03]} Nxd5 {[%clk 0:37:13]} 14. Bxd5
{[%clk 0:26:52]} Rac8 {[%clk 0:30:33]} 15. c3 {[%clk 0:26:24]} Qc7
{[%clk 0:29:50]} 16. Qg4 {[%clk 0:24:31]} Bf6 {[%clk 0:28:31]} 17. Rad1 Ne7
{[%clk 0:28:31]} 18. Bb3 Ng6 {[%clk 0:28:31]} 19. Rd3 Rfd8 {[%clk 0:28:31]} 20.
Rfd1 b5 {[%clk 0:28:31]} 21. Rxd6 Rxd6 {[%clk 0:28:31]} 22. Rxd6 Qxd6
{[%clk 0:28:31]} 23. Qxc8+ Bd8 {[%clk 0:28:31]} 24. g3 Ne7 {[%clk 0:28:31]} 25.
Qc5 Qf6 {[%clk 0:28:31]} 26. c4 bxc4 {[%clk 0:28:31]} 27. Qxc4 h6
{[%clk 0:28:31]} 28. Kg2 a5 {[%clk 0:28:31]} 29. Qb5 Nc6 {[%clk 0:28:31]} 30. Bd5
Nd4 {[%clk 0:28:31]} 31. Qe8+ Kh7 {[%clk 0:28:31]} 32. Qxf7 Qxf7 {[%clk 0:28:31]}
33. Bxf7 Nc2 {[%clk 0:28:31]} 34. Bc5 Nb4 {[%clk 0:28:31]} 35. Bc4 Nc6
{[%clk 0:28:31]} 36. Bd6 Bf6 {[%clk 0:28:31]} 37. Bc7 Kg6 {[%clk 0:28:31]} 38.
Bb5 Nd4 {[%clk 0:28:31]} 39. Be8+ Kh7 {[%clk 0:28:31]} 40. Bxa5 Kg8
{[%clk 0:28:31]} 41. Bb4 Ne6 {[%clk 0:28:31]} 42. a4 Nc7 {[%clk 0:28:31]} 43. Bg6
Ne6 {[%clk 0:28:31]} 44. a5 Bd8 {[%clk 0:28:31]} 45. Bc3 Kf8 {[%clk 0:28:31]} 46.
b4 Bc7 {[%clk 0:28:31]} 47. b5 Bd6 {[%clk 0:28:31]} 48. b6 Ke7 {[%clk 0:28:31]}
49. a6 1-0

[Event "Ïåðâåíñòâî Ìîñêâû ïî øàõìàòàì 2015 ñðåäè ìàëü÷èêîâ (Ì17)"]
[Site "Moscow"]
[Date "2015.11.14"]
[Round "3.7"]
[White "Èñàåâ, Íèêîëàé"]
[Black "Âîéíèêîíèñ, Íèêèòà"]
[Result "1/2-1/2"]
[WhiteElo "1616"]
[BlackElo "1874"]
[PlyCount "0"]
[EventDate "2015.11.12"]

1. d4 {[%clk 1:13:27]} d5 {[%clk 1:30:48]} 2. Nf3 {[%clk 1:13:52]} Nf6
{[%clk 1:31:10]} 3. e3 {[%clk 1:14:18]} g6 {[%clk 1:31:30]} 4. Be2
{[%clk 1:10:38]} c5 {[%clk 1:30:08]} 5. O-O {[%clk 1:06:51]} Bg7 {[%clk 1:30:19]}
6. dxc5 {[%clk 1:02:24]} Qa5 {[%clk 1:29:47]} 7. a3 {[%clk 0:55:38]} Qxc5
{[%clk 1:29:53]} 8. b4 {[%clk 0:55:32]} Qc7 {[%clk 1:29:34]} 9. Bb2
{[%clk 0:53:49]} O-O {[%clk 1:26:02]} 10. Nbd2 {[%clk 0:46:12]} Rd8
{[%clk 1:20:18]} 11. Rc1 {[%clk 0:39:41]} Nc6 {[%clk 1:14:33]} 12. c4
{[%clk 0:34:08]} dxc4 {[%clk 1:10:42]} 13. Bxc4 {[%clk 0:33:34]} Qb6
{[%clk 1:04:36]} 14. Qc2 {[%clk 0:23:55]} Bf5 {[%clk 0:57:56]} 15. e4
{[%clk 0:18:40]} Nxe4 {[%clk 0:49:35]} 16. Nxe4 {[%clk 0:17:48]} Bxe4
{[%clk 0:43:30]} 17. Bxf7+ {[%clk 0:17:05]} Kxf7 {[%clk 0:43:34]} 18. Ng5+
{[%clk 0:17:32]} Kg8 {[%clk 0:43:52]} 19. Nxe4 {[%clk 0:16:44]} Nd4
{[%clk 0:32:53]} 20. Qc4+ {[%clk 0:14:21]} Qe6 {[%clk 0:33:14]} 21. Qxe6+
{[%clk 0:12:48]} Nxe6 {[%clk 0:33:10]} 22. Bxg7 {[%clk 0:13:11]} Kxg7
{[%clk 0:33:37]} 23. Nc5 {[%clk 0:13:05]} Nxc5 {[%clk 0:34:00]} 24. Rxc5
{[%clk 0:13:24]} Rac8 {[%clk 0:33:50]} 25. Re5 {[%clk 0:11:32]} Kf6
{[%clk 0:33:04]} 26. Rfe1 {[%clk 0:11:45]} Rd7 {[%clk 0:33:17]} 27. f4
{[%clk 0:10:33]} Rc4 {[%clk 0:33:05]} 28. g3 {[%clk 0:10:15]} Rc3
{[%clk 0:33:01]} 29. Re6+ {[%clk 0:09:13]} Kf7 {[%clk 0:32:30]} 30. R6e3
{[%clk 0:08:53]} Rc2 {[%clk 0:32:18]} 31. R3e2 {[%clk 0:06:58]} Rxe2
{[%clk 0:32:37]} 32. Rxe2 {[%clk 0:07:23]} Rd3 {[%clk 0:33:01]} 33. a4
{[%clk 0:07:22]} Rd4 {[%clk 0:33:16]} 34. Rb2 {[%clk 0:07:25]} Kf6
{[%clk 0:31:40]} 35. Kf2 {[%clk 0:07:44]} Rd3 {[%clk 0:32:07]} 36. Ke2
{[%clk 0:07:40]} Ra3 {[%clk 0:32:33]} 37. a5 {[%clk 0:07:58]} g5 {[%clk 0:33:01]}
38. fxg5+ {[%clk 0:07:37]} Kxg5 {[%clk 0:33:23]} 39. Rd2 {[%clk 0:07:41]} Rb3
{[%clk 0:31:45]} 40. Rd5+ {[%clk 0:07:36]} Kg4 {[%clk 0:28:19]} 41. Rb5
{[%clk 0:07:48]} b6 {[%clk 0:28:30]} 42. axb6 {[%clk 0:07:30]} axb6
{[%clk 0:28:57]} 43. Rxb6 {[%clk 0:07:45]} h5 {[%clk 0:24:37]} 44. Kd2
{[%clk 0:04:40]} Rb2+ {[%clk 0:24:19]} 45. Kc3 {[%clk 0:03:58]} Rxh2
{[%clk 0:24:44]} 46. Rg6+ {[%clk 0:04:20]} Kf5 {[%clk 0:25:07]} 47. Rg8
{[%clk 0:04:36]} Ke5 {[%clk 0:24:20]} 48. b5 {[%clk 0:04:38]} Kd6
{[%clk 0:24:25]} 49. Rg6+ {[%clk 0:04:37]} Kc7 {[%clk 0:24:09]} 50. Kd4
{[%clk 0:04:19]} h4 {[%clk 0:23:54]} 51. gxh4 {[%clk 0:04:09]} Rxh4+
{[%clk 0:24:19]} 52. Kc5 {[%clk 0:04:27]} Rh5+ {[%clk 0:24:44]} 53. Kb4
{[%clk 0:04:45]} Rd5 {[%clk 0:24:08]} 54. Re6 {[%clk 0:04:09]} Kd7
{[%clk 0:24:29]} 55. Rc6 {[%clk 0:04:09]} Rd6 {[%clk 0:23:19]} 56. Rc5
{[%clk 0:04:31]} e5 {[%clk 0:22:17]} 57. Rxe5 {[%clk 0:04:16]} Kc7
{[%clk 0:22:41]} 58. Kc5 {[%clk 0:03:57]} Rh6 {[%clk 0:23:01]} 59. Re7+
{[%clk 0:04:07]} Kb8 {[%clk 0:23:23]} 60. Kb4 {[%clk 0:04:01]} Rh4+
{[%clk 0:23:42]} 61. Ka5 {[%clk 0:04:24]} Rh6 {[%clk 0:24:08]} 62. Rf7
{[%clk 0:03:52]} Rg6 {[%clk 0:24:33]} 63. Rh7 {[%clk 0:04:12]} Rf6
{[%clk 0:24:59]} 64. Rg7 {[%clk 0:04:37]} Rh6 {[%clk 0:25:25]} 65. Rg5
{[%clk 0:04:12]} Rf6 {[%clk 0:25:42]} 66. Rg4 {[%clk 0:03:37]} Kb7
{[%clk 0:26:06]} 67. Rg7+ {[%clk 0:03:02]} Kb8 {[%clk 0:26:32]} 68. Kb4
{[%clk 0:02:22]} Rf4+ {[%clk 0:26:48]} 69. Kc5 1/2-1/2